Normal view
MARC view
- المطرودي، عبد الرحمن بن ابراهيم
Entry Personal Name
001 - CONTROL NUMBER
- control field: 40620
003 - CONTROL NUMBER IDENTIFIER
- control field: JO-AjAnu
005 - DATE AND TIME OF LATEST TRANSACTION
- control field: 20230606080739.0
008 - FIXED-LENGTH DATA ELEMENTS
- fixed length control field: 230606|| aca||aabn | a|a d
040 ## - CATALOGING SOURCE
- Original cataloging agency: JO-AjAnu
- Transcribing agency: JO-AjAnu
100 ## - HEADING--PERSONAL NAME
- Personal name: المطرودي، عبد الرحمن بن ابراهيم
670 ## - SOURCE DATA FOUND
- Source citation: Work cat.: (JO-AjAnu)20822: المطرودي، عبد الرحمن بن ابراهيم, author, المحكم والمتشابه في القرآن العظيم